Katedrály v Európe

Bibliographic Details
Main Author: Schmidt, Ladislav (Author)
Format: Article
Language:Slovak
Subjects:

MARC

LEADER 00000nab a2200000 a 4500
001 vtls000688742
003 SK-MaSNL
005 20260304094908.0
008 250425c1999 xo 0 slo
015 |a SNBRB1999/03-05328 
035 |a CLN000040909 
035 |a urn:nbn:sk:snk-ab956r 
035 |a (urnnbn)urn:nbn:sk:snk:ar-006voz 
035 |a (uuid)5eec1e0f-7b82-40f3-add8-56b5c7d862bb 
040 |a SNKBUCL  |b slo  |c SNKBUCL  |e AACR2 
041 0 |a slo 
044 |a xo  |c SK 
080 |a 726.6.033.5(048)  |2 1997 
100 1 |a Schmidt, Ladislav  |4 aut  |9 398402 
245 1 0 |a Katedrály v Európe  |c Ladislav Schmidt 
300 |b Kresby 
650 0 7 |a katedrály  |2 snkbucl  |9 3032 
655 7 |a články z novín a časopisov  |2 snkbucl  |9 267496 
773 0 |t Kultúra  |g Roč. 2, č. 13 (1999), s. 10  |x 1335-3470 
787 0 8 |i Rec.:  |a Ullmann, Ernst  |t Svět gotické katedrály  |d Praha : Vyšehrad, 1999 
850 |a Slovenská národná knižnica 
852 |a Slovenská národná knižnica 
954 |a odborná, vedecká literatúra pôvodná (slovenská)  |2 lita 
958 |a article13 
958 |a OND 
958 |a EUIPO 
992 |a RBX 
999 |c 2829556  |d 2831486